| 000 | 00508nam a2200205Ia 4500 | ||
|---|---|---|---|
| 005 | 20260429112110.0 | ||
| 008 | 260429s9999||||xx |||||||||||||| ||und|| | ||
| 020 | _a9781032548708 | ||
| 041 | _aEnglish | ||
| 082 |
_a616.89 _bHOL |
||
| 100 | _aHolmes, Jeremy | ||
| 245 | 0 |
_aArt of psychotherapy / _cJeremy Holmes |
|
| 250 | _a4th ed. | ||
| 260 |
_aLondon : _bRoutledge, _c2024. |
||
| 300 | _axi, 207 p.; pbk | ||
| 650 | _a Art | ||
| 650 | _aPsychotherapy | ||
| 700 | _a Storr, Anthony | ||
| 942 | _cTB | ||
| 999 |
_c52339 _d52339 |
||